Statistics for Capitals of the countries of the world in 1882

Click here to take the quiz!

General Stats

  • This quiz has been taken 8 times
  • The average score is 111 of 351

Answer Stats

HintAnswer% Correct
ArgentinaBuenos Aires
88%
NorwayChristiania
88%
Ottoman EmpireConstantinople
88%
DenmarkCopenhagen
88%
United KingdomLondon
88%
SpainMadrid
88%
FranceParis
88%
El SalvadorSan Salvador
88%
United StatesWashington
88%
AbujaAbuja
75%
NetherlandsAmsterdam / The Hague
75%
GreeceAthens
75%
SiamBangkok
75%
SerbiaBelgrade
75%
GermanyBerlin
75%
SwitzerlandBern
75%
ColombiaBogota
75%
BelgiumBrussels
75%
RomaniaBucharest
75%
EgyptCairo
75%
VenezuelaCaracas
75%
GuatemalaGuatemala City
75%
HawaiiHonolulu
75%
AfghanistanKabul
75%
KuwaitKuwait City
75%
PeruLima
75%
PortugalLisbon
75%
LuxembourgLuxembourg
75%
MexicoMexico City
75%
MonacoMonaco
75%
UruguayMontevideo
75%
CanadaOttawa
75%
ChinaPeking
75%
HaitiPort Au Prince
75%
TransvaalPretoria
75%
EcuadorQuito
75%
ItalyRome
75%
San MarinoSan Marino
75%
ChileSantiago
75%
Dominican RepublicSanto Domingo
75%
BulgariaSofia
75%
SwedenStockholm
75%
PersiaTehran
75%
JapanTokyo City
75%
Austria - HungaryVienna / Budapest
75%
AkureAkure
63%
AndorraAndorra La Vella
63%
SamoaApia
63%
Wahidi BalhafBalhaf
63%
BruneiBandar Seri Begawan
63%
Wahidi Bi'r 'AliBi'r 'Ali
63%
BonnyBonny
63%
BraknaBrakna
63%
ChitralChitral
63%
DauraDaura
63%
DhalaDhala
63%
DirDir
63%
Paraguay
Asunción
63%
GeraGera
63%
GombeGombe
63%
GwanaraGwanara
63%
GwanduGwandu
63%
JoseonHanyang
63%
Ilé-Ifẹ̀Ifẹ̀
63%
IlorinIlorin
63%
JambiJambi
63%
JuguJugu
63%
NepalKathmandu
63%
KatsinaKatsina
63%
KeffiKeffi
63%
KikaKika
63%
KomKom
63%
KontagoraKontagora
63%
KunduzKunduz
63%
LafiaLafia
63%
LafiagiLafiagi
63%
LapaiLapai
63%
BoliviaLa Paz / Sucre
63%
MagbaMagba
63%
MaldivesMalé
63%
NicaraguaManagua
63%
LiberiaMonrovia
63%
Muscat and OmanMuscat
63%
NajranNajran
63%
NamekanNamekan
63%
OndoOndo
63%
OpoboOpobo
63%
OwoOwo
63%
OyoOyo
63%
Porto-NovoPorto-Novo
63%
RafaïRafaï
63%
BrazilRio De Janeiro
63%
RussiaSaint Petersburg
63%
Costa RicaSan Jose
63%
SokotoSokoto
63%
SwatSwat
63%
TadoTado
63%
HondurasTegucigalpa
63%
TeknaTekna
63%
TeraTera
63%
LiechtensteinVaduz
63%
WambuWambu
63%
WarriWarri
63%
WaseWase
63%
WituWitu
63%
WukariWukari
63%
YatengaYatenga
63%
YauriYauri
63%
ZariaZaria
63%
ZemioZemio
63%
AbeokutaAbeokuta
50%
AgborAgbor
50%
ImerinaAntananarivo
50%
AussaAussa
50%
Wahidi AzzanAzzan
50%
BabungoBabungo
50%
BadeBade
50%
BangassouBangassou
50%
BauchiBauchi
50%
BibemiBibemi
50%
BilangaBilanga
50%
BiuBiu
50%
Orange Free StateBloemfontein
50%
ChokweChokwe
50%
DossoDosso
50%
DutseDutse
50%
FikaFika
50%
Ha'ilHa'il
50%
HobyoHobyo
50%
Jama'areJama'are
50%
KatagumKatagum
50%
KyebogyiKyebogyi
50%
Limmu-EnnareaLimmu
50%
MaradiMaradi
50%
MuriMuri
50%
NembeNembe
50%
TongaNuku'alofa
50%
OkrikaOkrika
50%
OsogboOsogbo
50%
ParakuParaku
50%
PategiPategi
50%
PielaPiela
50%
PotiskumPotiskum
50%
RehobothRehoboth
50%
Rey BoubaRey Bouba
50%
NejdRiyadh
50%
SabonSabon
50%
SheberghanSheberghan
50%
WassoulouWassoulou
50%
WogodogoWogodogo
50%
YashikiraYashikira
50%
AgaieAgaie
38%
BawlakeBawlake
38%
BeninEdo
38%
Fada N’GourmaFada N’Gourma
38%
MoroccoFez
38%
HadejiaHadejia
38%
Jema'aJema'a
38%
JimmaJimma
38%
KalukembeKalukembe
38%
KazaureKazaure
38%
AcehKutaraja
38%
MisauMisau
38%
NaungpaleNaungpale
38%
OnitshaOnitsha
38%
TadjourahTadjourah
38%
TashqurghanTashqurghan
38%
TenkodogoTenkodogo
38%
UramboUrambo
38%
AïrAgadez
25%
Akwa AkpaAtakpa
25%
MontenegroCetinje
25%
GlijiCotonou
25%
Easter IslandHanga Roa
25%
SarawakKuching
25%
AshantiKumasi
25%
BornuMaiduguri
25%
BurmaMandalay
25%
BarotselandMongu
25%
NgazidjaMoroni
25%
Ogwashi-UkuOgwashi-Uku
25%
Đại NamPhú Xuân
25%
DahomeyAbomey
13%
EtikiAdo Etiki
13%
AjasseAjasse Ipo
13%
Niue - FekaiAlofi
13%
AlawiAl Qasha
13%
AroArochukwu
13%
RarotongaAvarua
13%
International Congo SocietyBoma
13%
MthwakaziBulawayo
13%
Dar al KutiChá
13%
CruzoobChan Santa Cruz
13%
MaguindanaoCotabato
13%
MwaliFomboni
13%
TorroFort Portal
13%
BamunFumban
13%
IjebuIjebu-Ode
13%
BaliKlungkung
13%
Rabih's EmpireKousseri
13%
SwazilandLobamba
13%
BanjarMartapura
13%
BaghirmiMassenya
13%
UveaMata'utu
13%
KakongoM'banza-Kongo
13%
AnkoleMbarara
13%
EthiopiaMekelle
13%
BugandaMengo
13%
X'ian'iNiani
13%
Tu'aOno
13%
AdrarOuadane
13%
LanfangPontianak
13%
BhutanPunakha
13%
Ma'anSa'id
13%
ZanzibarStone Town
13%
ToucouleurTall
13%
AladaTarkwa
13%
ZululandUlundi
13%
Bora - BoraVaitape
13%
Wahidi HabanWahidi Haban
13%
DagombaYendi
13%
AudhaliZarah
13%
TshibiriZinder
13%
OuaddaiAbéché
0%
MaflahiAd Dali'
0%
GelediAfgooye
0%
GommaAgaro
0%
Lower AulaqiAhwar
0%
NauruAiwo
0%
MahraAl-Ghaydah
0%
LahejAl-Howtah
0%
IrqaAl Irqah
0%
AnazaAl Jawf
0%
MajeerteenAlula
0%
RimataraAmaru
0%
ZafimanelyAmbovobe
0%
NdzuwaniAnjouan
0%
Ayawaso
0%
KulawiBadau
0%
DonggalaBanawa
0%
AgangnionjoBarru
0%
JanndolBarwa
0%
ButonBaubau
0%
BeihanBeihan Al Qasab
0%
AqrabiBir Ahmad
0%
KebbiBirnin Kebbi
0%
ZamfaraBirnin Zamfara
0%
WelaytaBoditi
0%
KaffaBonga
0%
LoangoBuali
0%
KalabariBuguma
0%
BunduBulibani / Koussan
0%
YekeBunkeya
0%
FingolandButterworth
0%
KoyaCape Mount
0%
YaoChiconono
0%
DamagaramDamataru
0%
RozviDanangombe
0%
LiptakoDori
0%
TamrashDyovlen
0%
NtemEbolowa
0%
ViyeEcovongo
0%
HuahineFare
0%
JanjeroFofa
0%
GcalekalandFort Cox
0%
TekeGeok Tepe
0%
GummaGhimbi
0%
BemihisatraHellville
0%
Kel AhaggarHoggar Mountains
0%
BunyoroHoima
0%
IgalaIdah
0%
NriIgbo-Ukwu
0%
Lower YafaJa'ār
0%
KafiristanKamdesh
0%
NgwaketseKanye
0%
AbemamaKariatebike
0%
MbundaKasanze
0%
Tippu Tip's StateKasongo
0%
KualaKaya
0%
KonaweKonawe Lama
0%
RizimKoudougou
0%
SamaKoutiala
0%
AkyemKyebirie
0%
WarsangaliLaasqoray
0%
SigaveLeava
0%
DendiLulami
0%
BanggaiLuwuk
0%
Upper YafaMahjaba
0%
Mandar FederationMamuju
0%
GazaManjacaze
0%
MaraviManthimba
0%
Lanao ConfederationMarawi
0%
TawaeliMasamba
0%
NgoyoMbanza Ngoyo
0%
RurutuMoerai
0%
KoenaMolapowabojang
0%
MpondolandMount Frere
0%
KaragweMpororo
0%
PhuanMuang Phuan
0%
DathinaMudiyah
0%
Qu'aitiMukalla
0%
BurundiMuramvya
0%
HaushabiMusaymir
0%
KasanjeMussuma
0%
LundaMusumba
0%
KazembeMwansabombwe
0%
LubaMwibele
0%
GurmaNafana
0%
BorguNew Bussa
0%
MboumNgaoundéré
0%
ThembulandNgcingwane
0%
BembaNgwena
0%
Upper AulaqiNisab
0%
NiumiNjongon
0%
KubaNsheng
0%
RwandaNyanza
0%
KwaraOffa
0%
GwirikoOuahigouya
0%
PahangPekan
0%
Futa ToroPodor
0%
LuwuPolapo
0%
KongPoncoba
0%
BakkaraPorsea
0%
Sha'ibQa'tabah
0%
LeteRamotswa
0%
TorajaRantepao
0%
GoshenRooigrond
0%
KantarawadiSawlon
0%
KathiriSeiyun
0%
WajoSengkang
0%
NgwatoSerowe
0%
FadhliShuqrah
0%
SigiSigiran
0%
KénédougouSikasso
0%
NyamweziTabora
0%
JohorTanjung Puteri
0%
DawroTarcha
0%
Bono - TekyimanTechiman
0%
TagantTidjikja
0%
Futa DjallonTimbo
0%
TawanaTjipetja
0%
OnilahyToliara
0%
BadibuToubakouta
0%
GumelTumbi
0%
MandaraUba
0%
RaiateaUturoa
0%
StellalandVrijburg
0%
IrmaWadi Hadramawt
0%
PaluWatukarere
0%
YakaWene
0%
NunguYempadigu's Town
0%

Score Distribution

Percentile by Number Answered

Percent of People with Each Score

Your Score History

You have not taken this quiz